<?xml version="1.0" encoding="UTF-8"?><?xml-stylesheet type="text/xsl" href="static/style.xsl"?><OAI-PMH xmlns="http://www.openarchives.org/OAI/2.0/" xmlns:xsi="http://www.w3.org/2001/XMLSchema-instance" xsi:schemaLocation="http://www.openarchives.org/OAI/2.0/ http://www.openarchives.org/OAI/2.0/OAI-PMH.xsd"><responseDate>2026-04-17T06:15:04Z</responseDate><request verb="GetRecord" identifier="oai:www.recercat.cat:20.500.14342/788" metadataPrefix="marc">https://recercat.cat/oai/request</request><GetRecord><record><header><identifier>oai:recercat.cat:20.500.14342/788</identifier><datestamp>2025-05-15T19:18:17Z</datestamp><setSpec>com_2072_482405</setSpec><setSpec>com_2072_183628</setSpec><setSpec>col_2072_482409</setSpec></header><metadata><record xmlns="http://www.loc.gov/MARC21/slim" xmlns:dcterms="http://purl.org/dc/terms/" xmlns:xsi="http://www.w3.org/2001/XMLSchema-instance" xmlns:doc="http://www.lyncode.com/xoai" xsi:schemaLocation="http://www.loc.gov/MARC21/slim http://www.loc.gov/standards/marcxml/schema/MARC21slim.xsd">
   <leader>00925njm 22002777a 4500</leader>
   <datafield ind2=" " ind1=" " tag="042">
      <subfield code="a">dc</subfield>
   </datafield>
   <datafield ind2=" " ind1=" " tag="720">
      <subfield code="a">Mestres, Concepció</subfield>
      <subfield code="e">author</subfield>
   </datafield>
   <datafield ind2=" " ind1=" " tag="720">
      <subfield code="a">Modamio Charles, Pilar</subfield>
      <subfield code="e">author</subfield>
   </datafield>
   <datafield ind2=" " ind1=" " tag="720">
      <subfield code="a">Junyent, Jaume</subfield>
      <subfield code="e">author</subfield>
   </datafield>
   <datafield ind2=" " ind1=" " tag="720">
      <subfield code="a">Costa-Tutusaus, Lluís</subfield>
      <subfield code="e">author</subfield>
   </datafield>
   <datafield ind2=" " ind1=" " tag="720">
      <subfield code="a">Fernández Lastra, Cecilia</subfield>
      <subfield code="e">author</subfield>
   </datafield>
   <datafield ind2=" " ind1=" " tag="720">
      <subfield code="a">Mariño Hernández, Eduardo L.</subfield>
      <subfield code="e">author</subfield>
   </datafield>
   <datafield ind2=" " ind1=" " tag="720">
      <subfield code="a">Hernández Hernández, Marta</subfield>
      <subfield code="e">author</subfield>
   </datafield>
   <datafield ind2=" " ind1=" " tag="260">
      <subfield code="c">2019-03</subfield>
   </datafield>
   <datafield ind2=" " ind1=" " tag="520">
      <subfield code="a">Older people usually present with adverse drug events (ADEs) with nonspecific symptoms such as cognitive decline, recurrent falls, reduced mobility, and/or major deterioration. The aims of this study were to assess the ADEs of patients with dementia and presenting neuropsychiatric/behavioral, and psychological symptoms in dementia (BPSD) and to categorize and identify the principal factors that allow to prevent ADEs, and separately ADEs that result in falls. To that end, a one-year prospective study in a psychogeriatric ward (July 2015 to July 2016) was performed. All patients admitted to this ward were eligible for enrolment. Patients who met any of the following criteria were excluded from the study: Patients without cognitive impairment, a length of stay under 7 days, and palliative or previous psychiatric pathology. We included 65 patients (60% women, 84.9 years ± 6.7) with mild to moderate cognitive impairment, moderate to severe functional dependence, and a high prevalence of geriatric syndromes and comorbidity. A total of 87.7% were taking five or more drugs (mean 9.0 ± 3.1). ADEs were identified during the interdisciplinary meeting and the follow up by clinical record. Sixty-eight ADEs (81.5% patients) were identified, of which 73.5% were not related to falls. From these, 80% were related to drugs of the nervous system. The Naranjo algorithm determined that 90% of ADEs were probable. The severity of the ADEs was Category E in 34 patients (68%). The number of preventable ADE according to the Schumork–Thornton test was 58%. The main ADE was drowsiness/somnolence (27.7%). ADEs related to falls represented a 26.5%. The balance between effective treatment and safety is complex in these patients. A medication review in interdisciplinary teams is an essential component to optimize safety prevention.</subfield>
   </datafield>
   <datafield ind1="8" ind2=" " tag="024">
      <subfield code="a">http://hdl.handle.net/20.500.14342/788</subfield>
   </datafield>
   <datafield ind1="8" ind2=" " tag="024">
      <subfield code="a">https://dx.doi.org/10.3390/ijerph16060934</subfield>
   </datafield>
   <datafield tag="653" ind2=" " ind1=" ">
      <subfield code="a">Demència--Tractament</subfield>
   </datafield>
   <datafield tag="653" ind2=" " ind1=" ">
      <subfield code="a">Medicaments--Efectes secundaris</subfield>
   </datafield>
   <datafield tag="653" ind2=" " ind1=" ">
      <subfield code="a">Psiquiatria geriàtrica</subfield>
   </datafield>
   <datafield ind2="0" ind1="0" tag="245">
      <subfield code="a">Adverse drug events in patients with dementia and neuropsychiatric/behavioral, and psychological symptoms, a one-year prospective study</subfield>
   </datafield>
</record></metadata></record></GetRecord></OAI-PMH>